Normal view
MARC view
- Perelʹmuter, V. M
Entry Personal Name
001 - CONTROL NUMBER
- control field: 114673
003 - CONTROL NUMBER IDENTIFIER
- control field: NUST
005 - DATE AND TIME OF LATEST TRANSACTION
- control field: 20230912164954.0
008 - FIXED-LENGTH DATA ELEMENTS
- fixed length control field: 230912|| aca||aabn | a|a d
040 ## - CATALOGING SOURCE
- Original cataloging agency: NUST
- Transcribing agency: NUST
100 ## - HEADING--PERSONAL NAME
- Personal name: Perelʹmuter, V. M
670 ## - SOURCE DATA FOUND
- Source citation: Work cat.: (NUST): Perelʹmuter, V. M., Electrotechnical systems :, 2013
